Elimination of Plastic Waste Paper Production Using an Innovative Transformation Process
Návrh a overenie inovatívneho procesu vedúceho k transformácii odpadu z papierenského priemyslu na rafinované palivo.
Salvato in:
| Autore principale: | |
|---|---|
| Altri autori: | , , |
| Natura: | Capitolo di libro |
| Lingua: | inglese |
| Soggetti: | |
| Tags: |
Nessun Tag, puoi essere il primo ad aggiungerne!!
|
MARC
| LEADER | 00000nla a2200000 4500 | ||
|---|---|---|---|
| 001 | 0240493 | ||
| 005 | 20240502073917.0 | ||
| 041 | 0 | |a eng | |
| 044 | |a SK | ||
| 245 | 1 | 0 | |a Elimination of Plastic Waste Paper Production Using an Innovative Transformation Process |c Roman Smelik, Anežka Podlasová, Petr Šikýř, Martin Mucha |
| 520 | |a Návrh a overenie inovatívneho procesu vedúceho k transformácii odpadu z papierenského priemyslu na rafinované palivo. | ||
| 610 | 2 | 0 | |a plasty |
| 610 | 2 | 0 | |a hospodárstvo odpadové |
| 610 | 2 | 0 | |a ekológia |
| 610 | 2 | 0 | |a palivá fosílne |
| 100 | 1 | |a Smelik, Roman | |
| 700 | 1 | |a Podlasová, Anežka | |
| 700 | 1 | |a Šikýř, Petr | |
| 700 | 1 | |a Mucha, Martin | |